| 000 | 00529nam a22001577a 4500 | ||
|---|---|---|---|
| 003 | OSt | ||
| 005 | 20150914110922.0 | ||
| 008 | 150914b xxu||||| |||| 00| 0 eng d | ||
| 040 | _cRUA | ||
| 082 | _aAGR CHR 1999 B021 Or.1 | ||
| 100 |
_9449 _aCHRUN, THUN. |
||
| 245 | _aRubber explotation in pean cheang rubber plantation អាជីវកម្មលើដំណាំកៅស៊ូនៅចំការកៅស៊ូពាមជាំង | ||
| 260 |
_aPhnom Penh _bRUA _c1999 |
||
| 300 |
_a81p. _bill. _c29cm. |
||
| 942 |
_2ddc _cAGR |
||
| 999 |
_c428 _d428 |
||